[Event "9th EUROPEAN  INDIVIDUAL  WOME"]
[Site "Plovdiv, Bulgaria"]
[Date "2008.04.22"]
[Round "2"]
[Board "1"]
[White "Kadimova, Ilaha"]
[Black "Ovod, Evgenija"]
[Result "0-1"]
[WhiteElo "2308"]
[BlackElo "2437"]
[PlyCount "70"]
[EventDate "2008.04.21"]
[EventRounds "11"]
[EventCountry "BUL"]

1.d4 Nf6 2.c4 c5 3.d5 e5 4.Nc3 d6 5.e4 Be7 6.h3 Nbd7 7.Nf3 O-O 8.Bd3 a6 9.O-O
Nh5 10.Re1 g6 11.Bh6 Ng7 12.Qd2 Kh8 13.Kh2 Nf6 14.g4 Ng8 15.Rg1 Nxh6 16.Qxh6 Rg8
17.h4 Ne8 18.Rg3 Bf8 19.Qd2 Nf6 20.Rag1 Bd7 21.Ng5 Qe7 22.f4 exf4 23.Qxf4 h6
24.Nf3 h5 25.g5 Ng4+ 26.Kg2 Bg7 27.Rf1 Rgf8 28.Qd2 Rae8 29.b3 Kg8 30.Nd1 Ne5
31.Nxe5 Bxe5 32.Rgf3 Bg4 33.R3f2 Qd7 34.Rh1 Bh3+ 35.Rxh3 Qg4+

[Event "9th EUROPEAN  INDIVIDUAL  WOME"]
[Site "Plovdiv, Bulgaria"]
[Date "2008.04.22"]
[Round "2"]
[Board "1"]
[White "Bojkovic, Natasa"]
[Black "Sharevich, Anna"]
[Result "1-0"]
[WhiteElo "2434"]
[BlackElo "2311"]
[PlyCount "87"]
[EventDate "2008.04.21"]
[EventRounds "11"]
[EventCountry "BUL"]

1.e4 c5 2.Nf3 e6 3.d4 cxd4 4.Nxd4 a6 5.Bd3 Nf6 6.O-O Qc7 7.Qe2 d6 8.c4 g6 9.Nc3
Bg7 10.Nf3 O-O 11.h3 Nc6 12.Be3 Nd7 13.Rac1 Nce5 14.Nxe5 dxe5 15.Na4 f5 16.f3
Nf6 17.Nb6 Rb8 18.c5 Nh5 19.Qc2 Nf4 20.Bc4 Qe7 21.Rfe1 fxe4 22.Qxe4 Qg5 23.Bxf4
Rxf4 24.Qe3 Qe7 25.Nxc8 Rxc8 26.Bxe6+ Qxe6 27.Qxf4 exf4 28.Rxe6 Bxb2 29.Rb1 Bd4+
30.Kh2 Rxc5 31.Rxb7 Rc8 32.Rxa6 Bf2 33.h4 Bxh4 34.Raa7 Bf6 35.Rxh7 Bd4 36.Rac7
Ra8 37.Rhd7 Be5 38.Rc6 Kf8 39.Re6 Bc3 40.Rxg6 Be1 41.Rh6 Kg8 42.Kh3 Bc3 43.Rc6
Be5 44.a4

[Event "9th EUROPEAN  INDIVIDUAL  WOME"]
[Site "Plovdiv, Bulgaria"]
[Date "2008.04.22"]
[Round "2"]
[Board "1"]
[White "Kovalevskaya, Ekaterina"]
[Black "Paulet, Iozefina"]
[Result "1-0"]
[WhiteElo "2421"]
[BlackElo "2308"]
[PlyCount "71"]
[EventDate "2008.04.21"]
[EventRounds "11"]
[EventCountry "BUL"]

1.e4 c5 2.Nf3 d6 3.c3 Nf6 4.Be2 Bg4 5.O-O Nc6 6.d3 e6 7.Nbd2 Be7 8.Re1 O-O 9.Nf1
Rc8 10.Ng3 b5 11.h3 Bxf3 12.Bxf3 b4 13.Be3 bxc3 14.bxc3 Qa5 15.Bd2 Rb8 16.d4 Nd7
17.e5 d5 18.c4 Qa6 19.cxd5 Nxd4 20.Bc3 Nb5 21.Bb2 Rfd8 22.a4 Nd4 23.Bxd4 cxd4
24.d6 Bg5 25.Qxd4 Qa5 26.Ne4 Rb4 27.Qc3 Bf4 28.Qc7 Qb6 29.a5 Qxc7 30.dxc7 Rc8
31.Rac1 Bxc1 32.Rxc1 Nxe5 33.Nd6 Nxf3+ 34.gxf3 Rxc7 35.Rxc7 h6 36.Rxa7

[Event "9th EUROPEAN  INDIVIDUAL  WOME"]
[Site "Plovdiv, Bulgaria"]
[Date "2008.04.22"]
[Round "2"]
[Board "1"]
[White "Batsiashvili, Nino"]
[Black "Matveeva, Svetlana"]
[Result "1/2-1/2"]
[WhiteElo "2304"]
[BlackElo "2420"]
[PlyCount "51"]
[EventDate "2008.04.21"]
[EventRounds "11"]
[EventCountry "BUL"]

1.d4 d5 2.Nf3 e6 3.g3 b5 4.Bg2 Bb7 5.O-O Nf6 6.b3 Nbd7 7.c4 dxc4 8.bxc4 bxc4
9.Na3 Bd5 10.Qa4 c6 11.Bg5 Nb6 12.Qa5 Be7 13.Rac1 O-O 14.Rfe1 Qd6 15.Nc2 Be4
16.Bf4 Qd5 17.Bd2 Rfd8 18.Ne3 Qb5 19.a4 Nxa4 20.Nxc4 Bd5 21.Nce5 h6 22.Rb1 Qxa5
23.Bxa5 Rdb8 24.Ra1 Nb6 25.Rec1 Rc8 26.Nd3 {........}

[Event "9th EUROPEAN  INDIVIDUAL  WOME"]
[Site "Plovdiv, Bulgaria"]
[Date "2008.04.22"]
[Round "2"]
[Board "1"]
[White "Peptan, Corina Isabela"]
[Black "Juergens, Vera"]
[Result "1-0"]
[WhiteElo "2415"]
[BlackElo "2302"]
[PlyCount "137"]
[EventDate "2008.04.21"]
[EventRounds "11"]
[EventCountry "BUL"]

1.e4 e5 2.Nf3 Nc6 3.Bb5 Nf6 4.O-O Nxe4 5.d4 Nd6 6.Bxc6 dxc6 7.dxe5 Nf5 8.Qxd8+
Kxd8 9.Nc3 Ne7 10.h3 Ng6 11.Ne2 c5 12.Ng3 h6 13.b3 Be6 14.Bb2 b6 15.Nh5 Kc8
16.Nd2 Kb7 17.f4 Rd8 18.Ne4 Nh4 19.g4 Bd5 20.Nhg3 Be7 21.Kf2 Rhe8 22.Rad1 Ng6
23.Ke3 Bf8 24.c4 Bc6 25.Rxd8 Rxd8 26.f5 Nh4 27.e6 fxe6 28.fxe6 Re8 29.Rf7 Ng6
30.Bxg7 Bxg7 31.Rxg7 Rxe6 32.Rf7 a5 33.Rf6 Rxf6 34.Nxf6 Bg2 35.Nf5 Bxh3 36.Nxh6
Bg2 37.a4 c6 38.Nf5 Kc7 39.Kf2 Bh3 40.Ne3 Kd6 41.Kg3 Ke5 42.Nd7+ Ke4 43.Nf5 Bf1
44.Nxb6 Ne5 45.Nc8 Be2 46.Ncd6+ Kd3 47.Nb7 Kc3 48.Nxa5 Kb4 49.Kf4 Ng6+ 50.Ke3
Bxg4 51.Nxc6+ Kxb3 52.a5 Nf8 53.Nd6 Ne6 54.Ne5 Bh3 55.Nd3 Bg2 56.a6 Ba8 57.a7
Ka4 58.Ne5 Ka5 59.Nd7 Ka6 60.Nc8 Kb7 61.Ndb6 Nd8 62.Ke4 Nc6 63.Nxa8 Kxa8 64.Kd5
Nd8 65.Kxc5 Kb7 66.Kd6 Nf7+ 67.Ke6 Ng5+ 68.Kd7 Nf7 69.Nd6+

[Event "9th EUROPEAN  INDIVIDUAL  WOME"]
[Site "Plovdiv, Bulgaria"]
[Date "2008.04.22"]
[Round "2"]
[Board "1"]
[White "Rudolf, Anna"]
[Black "Mkrtchian, Lilit"]
[Result "0-1"]
[WhiteElo "2302"]
[BlackElo "2413"]
[PlyCount "92"]
[EventDate "2008.04.21"]
[EventRounds "11"]
[EventCountry "BUL"]

1.e4 e6 2.d4 d5 3.Nc3 Nf6 4.Bg5 Bb4 5.e5 h6 6.Bd2 Bxc3 7.bxc3 Ne4 8.Qg4 Kf8
9.Bd3 Nxd2 10.Kxd2 c5 11.h4 Nc6 12.Rh3 c4 13.Bf1 b5 14.Ne2 a5 15.a3 Ne7 16.Nf4
Bd7 17.Nh5 Rg8 18.Be2 b4 19.axb4 axb4 20.Rxa8 bxc3+ 21.Rxc3 Qxa8 22.Rf3 Qa5+
23.c3 Qa2+ 24.Ke1 Qa1+ 25.Kd2 Qb2+ 26.Ke1 Ba4 27.Rh3 Qc1+ 28.Bd1 Ng6 29.Qe2 Ke7
30.Qd2 Qa1 31.Ke2 Ra8 32.Bxa4 Rxa4 33.Kf3 Ra2 34.Rh1 Nxh4+ 35.Kg4 Qxh1 36.Qxa2
Qxg2+ 37.Ng3 f5+ 38.exf6+ Kxf6 39.Qe2 Ng6 40.Qf3+ Qxf3+ 41.Kxf3 Ne7 42.Nh5+ Kg6
43.Nf4+ Kf7 44.Kg4 g5 45.Ne2 Kg6 46.Ng3 Nf5

[Event "9th EUROPEAN  INDIVIDUAL  WOME"]
[Site "Plovdiv, Bulgaria"]
[Date "2008.04.22"]
[Round "2"]
[Board "1"]
[White "Vajda, Szidonia"]
[Black "Ionica, Iulia Ionela"]
[Result "1/2-1/2"]
[WhiteElo "2413"]
[BlackElo "2278"]
[PlyCount "60"]
[EventDate "2008.04.21"]
[EventRounds "11"]
[EventCountry "BUL"]

1.e4 c5 2.Nf3 e6 3.d4 cxd4 4.Nxd4 Nf6 5.Nc3 d6 6.Be2 a6 7.O-O Be7 8.f4 Qc7 9.a4
Nc6 10.Kh1 O-O 11.Be3 Re8 12.Bf3 Bf8 13.Qd2 Rb8 14.Bf2 Nd7 15.Rad1 Na5 16.b3 b6
17.Bg3 Bb7 18.f5 Ne5 19.fxe6 fxe6 20.Qe3 Rbc8 21.Nce2 Nac6 22.Nxc6 Qxc6 23.Nd4
Qc5 24.Be2 Be7 25.c4 Bf6 26.Nc2 Qc6 27.Nb4 Qc5 28.Nc2 Qc6 29.Nb4 Qc5 30.Nc2 Qc6

[Event "9th EUROPEAN  INDIVIDUAL  WOME"]
[Site "Plovdiv, Bulgaria"]
[Date "2008.04.22"]
[Round "2"]
[Board "1"]
[White "Shaidullina, Sandugach"]
[Black "Melia, Salome"]
[Result "0-1"]
[WhiteElo "2298"]
[BlackElo "2413"]
[PlyCount "90"]
[EventDate "2008.04.21"]
[EventRounds "11"]
[EventCountry "BUL"]

1.d4 d5 2.c4 e6 3.Nc3 Be7 4.Nf3 Nf6 5.Bg5 h6 6.Bh4 O-O 7.e3 Ne4 8.Bxe7 Qxe7
9.Rc1 c6 10.Bd3 Nxc3 11.Rxc3 dxc4 12.Rxc4 Nd7 13.O-O e5 14.dxe5 Nxe5 15.Nxe5
Qxe5 16.Qc2 Be6 17.Rc5 Qf6 18.f4 Rad8 19.a4 Rfe8 20.Re5 Rd6 21.Qc3 Red8 22.Be2
Rd2 23.Bf3 Bf5 24.Re8+ Rxe8 25.Qxd2 Qe7 26.Re1 Be4 27.Bxe4 Qxe4 28.Qa5 Qc2
29.Qxa7 Qxb2 30.a5 Rd8 31.Kh1 Rd5 32.h3 Qb4 33.Ra1 Rd2 34.a6 Qe4 35.Rg1 bxa6
36.Qxa6 Kh7 37.Qb7 f5 38.Qf7 c5 39.Qh5 c4 40.Kh2 c3 41.Qh4 c2 42.Qe1 Qd3 43.e4
Rd1 44.Qa5 Qxe4 45.Qc3 c1=Q

[Event "9th EUROPEAN  INDIVIDUAL  WOME"]
[Site "Plovdiv, Bulgaria"]
[Date "2008.04.22"]
[Round "2"]
[Board "1"]
[White "Tarasova, Viktoriya"]
[Black "Lomineishvili, Maia"]
[Result "1/2-1/2"]
[WhiteElo "2276"]
[BlackElo "2400"]
[PlyCount "52"]
[EventDate "2008.04.21"]
[EventRounds "11"]
[EventCountry "BUL"]

1.d4 Nf6 2.c4 g6 3.Nc3 Bg7 4.e4 d6 5.f4 O-O 6.Nf3 c5 7.d5 e6 8.Be2 exd5 9.cxd5
Re8 10.e5 dxe5 11.fxe5 Ng4 12.e6 fxe6 13.Bg5 Bf6 14.Bxf6 Nxf6 15.d6 Nd5 16.Nxd5
exd5 17.Qxd5+ Be6 18.Qxc5 Nd7 19.Qd4 Bf7 20.Kf2 Nf6 21.Ng5 Bd5 22.Bc4 Qxd6
23.Bxd5+ Nxd5 24.Rhd1 Rad8 25.Nf3 Qb6 26.Qxb6 Nxb6

[Event "9th EUROPEAN  INDIVIDUAL  WOME"]
[Site "Plovdiv, Bulgaria"]
[Date "2008.04.22"]
[Round "2"]
[Board "1"]
[White "Zawadzka, Jolanta"]
[Black "Worek, Joanna"]
[Result "1/2-1/2"]
[WhiteElo "2397"]
[BlackElo "2244"]
[PlyCount "75"]
[EventDate "2008.04.21"]
[EventRounds "11"]
[EventCountry "BUL"]

1.e4 c5 2.Nf3 d6 3.d4 cxd4 4.Nxd4 Nf6 5.Nc3 a6 6.f4 e5 7.Nf3 Qc7 8.a4 Be7 9.Bd3
O-O 10.O-O Be6 11.Kh1 Nbd7 12.Qe1 Rfe8 13.f5 Bc4 14.Bxc4 Qxc4 15.Bg5 Rac8 16.Rf2
Bf8 17.Bxf6 Nxf6 18.Nd2 Qb4 19.Nb3 Rc4 20.Re2 Rec8 21.a5 b5 22.axb6 Qxb6 23.Qg1
Qb8 24.Qe3 Qa8 25.Qd3 Qa7 26.Nd2 Rb4 27.b3 Rd4 28.Qf3 Qc5 29.Nc4 Qc6 30.h3 Qb7
31.Ra5 Be7 32.Nd5 Rd1+ 33.Kh2 Nxd5 34.Rxd5 Rxd5 35.exd5 Rc5 36.Rd2 Qb4 37.Rd1 a5
38.Ra1

[Event "9th EUROPEAN  INDIVIDUAL  WOME"]
[Site "Plovdiv, Bulgaria"]
[Date "2008.04.22"]
[Round "2"]
[Board "1"]
[White "Vojinovic, Jovana"]
[Black "Collas, Silvia"]
[Result "1-0"]
[WhiteElo "2217"]
[BlackElo "2395"]
[PlyCount "99"]
[EventDate "2008.04.21"]
[EventRounds "11"]
[EventCountry "BUL"]

1.d4 Nf6 2.Nf3 e6 3.c4 b6 4.g3 Ba6 5.b3 Bb7 6.Bg2 Bb4+ 7.Bd2 a5 8.O-O O-O 9.Nc3
Bxc3 10.Bxc3 Ne4 11.Bb2 d5 12.Rc1 Na6 13.Ne5 f6 14.Nd3 Re8 15.Re1 dxc4 16.Rxc4
Nd6 17.Bxb7 Nxc4 18.bxc4 Ra7 19.Bc6 Rf8 20.Ba3 Rf7 21.Nf4 Qc8 22.Nxe6 Qxe6
23.Bd5 Qd7 24.Qb3 a4 25.Qb5 Nb8 26.e4 Ra5 27.Qxd7 Nxd7 28.e5 fxe5 29.dxe5 Nc5
30.Bb4 Ra6 31.Rb1 Kf8 32.Bxc5+ bxc5 33.Bxf7 Kxf7 34.Rb5 Ke6 35.f4 c6 36.Rb7 g5
37.Kf2 a3 38.Ke3 gxf4+ 39.gxf4 Ra4 40.Kd3 Rb4 41.Rxh7 Rb2 42.Rh6+ Kd7 43.f5 Rxa2
44.Rh7+ Kd8 45.f6 Rf2 46.Ke4 a2 47.Ra7 Rxh2 48.Kf5 Kc8 49.Ke6 Kb8 50.Ra3

[Event "9th EUROPEAN  INDIVIDUAL  WOME"]
[Site "Plovdiv, Bulgaria"]
[Date "2008.04.22"]
[Round "2"]
[Board "1"]
[White "Isgandarova, Khayala"]
[Black "Vasilevich, Irina"]
[Result "1-0"]
[WhiteElo "2193"]
[BlackElo "2395"]
[PlyCount "77"]
[EventDate "2008.04.21"]
[EventRounds "11"]
[EventCountry "BUL"]

1.e4 c5 2.Nc3 Nc6 3.g3 g6 4.Bg2 Bg7 5.d3 Rb8 6.a4 d6 7.Be3 a6 8.Qd2 b5 9.axb5
axb5 10.Nf3 b4 11.Nd1 Nd4 12.O-O e5 13.b3 Ne7 14.Ne1 O-O 15.Bh6 Bxh6 16.Qxh6 f5
17.f4 exf4 18.gxf4 Bb7 19.Ne3 Kh8 20.Qh4 Rf7 21.Nf3 Nxf3+ 22.Bxf3 Qf8 23.Bg2 Qg7
24.Nc4 fxe4 25.dxe4 Rbf8 26.Rad1 Nc8 27.Nxd6 Nxd6 28.Rxd6 Qc3 29.Qf2 Rxf4
30.Qxf4 Rxf4 31.Rxf4 Qe3+ 32.Rf2 Qc1+ 33.Rf1 Qe3+ 34.Rf2 Qg5 35.Rd7 Qc1+ 36.Rf1
Qe3+ 37.Kh1 Kg8 38.Rxb7 Qc3 39.Rd1

[Event "9th EUROPEAN  INDIVIDUAL  WOME"]
[Site "Plovdiv, Bulgaria"]
[Date "2008.04.22"]
[Round "2"]
[Board "1"]
[White "Houska, Jovanka"]
[Black "Tsiganova, Monika"]
[Result "1-0"]
[WhiteElo "2390"]
[BlackElo "2198"]
[PlyCount "53"]
[EventDate "2008.04.21"]
[EventRounds "11"]
[EventCountry "BUL"]

1.d4 Nf6 2.Nf3 g6 3.c4 Bg7 4.g3 O-O 5.Bg2 d6 6.O-O Nc6 7.Nc3 a6 8.b3 Rb8 9.Nd5
Nh5 10.Bb2 e6 11.Nc3 b5 12.d5 exd5 13.cxd5 Ne7 14.Nd4 f5 15.e3 Bd7 16.Nce2 Be5
17.Rc1 Ng7 18.Qd2 b4 19.Rc2 h6 20.Rfc1 Ne8 21.Nf4 Bxf4 22.exf4 Kh7 23.h4 Ng8
24.Qe2 Rb6 25.h5 g5 26.Ne6 Bxe6 27.Qxe6

[Event "9th EUROPEAN  INDIVIDUAL  WOME"]
[Site "Plovdiv, Bulgaria"]
[Date "2008.04.22"]
[Round "2"]
[Board "1"]
[White "Ciuksyte, Dagne"]
[Black "Cherednichenko, Elena"]
[Result "1-0"]
[WhiteElo "2380"]
[BlackElo "2155"]
[PlyCount "133"]
[EventDate "2008.04.21"]
[EventRounds "11"]
[EventCountry "BUL"]

1.e4 e5 2.Nf3 Nc6 3.d4 exd4 4.Bc4 Nf6 5.e5 d5 6.Bb5 Ne4 7.Nxd4 Bd7 8.Bxc6 bxc6
9.O-O Be7 10.f3 Ng5 11.Be3 O-O 12.f4 Ne4 13.Nd2 Nxd2 14.Qxd2 c5 15.Nb3 c4 16.Nc1
Bf5 17.Ne2 c6 18.Ng3 Qd7 19.b3 cxb3 20.axb3 a6 21.Qc3 Rfc8 22.Bc5 Bh4 23.Nxf5
Qxf5 24.Ra4 Bd8 25.b4 g6 26.Qd3 Qxd3 27.cxd3 Rcb8 28.Rfa1 a5 29.bxa5 Rb5 30.Bb4
c5 31.Bc3 Kf8 32.Kf2 Ke7 33.Ke2 h5 34.Kd1 Ke6 35.Kc2 Kd7 36.g3 Ra6 37.h3 Ke6
38.R1a3 Be7 39.Ra1 Bd8 40.R1a2 Kf5 41.Rb2 Rxb2+ 42.Kxb2 Ke6 43.Kb3 Kd7 44.Ra2
Kc6 45.Ka4 Ra8 46.Rb2 Bc7 47.Rc2 Rb8 48.d4 c4 49.Rb2 {Diagram #} Rxb2 50.Bxb2
Bb8 51.g4 hxg4 52.hxg4 Bc7 53.f5 gxf5 54.gxf5 Bd8 55.f6 Kc7 56.Kb5 Kb7 57.Bc3
Ka7 58.Bb4 Kb7 59.Bc3 Ka7 60.Kc5 Ka6 61.Kxd5 Kb5 62.Bd2 Bc7 63.e6 fxe6+ 64.Kxe6
Kc6 65.d5+ Kc5 66.Be3+ Kb5 67.f7

[Event "9th EUROPEAN  INDIVIDUAL  WOME"]
[Site "Plovdiv, Bulgaria"]
[Date "2008.04.22"]
[Round "2"]
[Board "1"]
[White "Stepovaia, Tatiana"]
[Black "Butuc, Maria"]
[Result "1-0"]
[WhiteElo "2378"]
[BlackElo "2137"]
[PlyCount "61"]
[EventDate "2008.04.21"]
[EventRounds "11"]
[EventCountry "BUL"]

1.e4 c6 2.d4 d5 3.exd5 cxd5 4.Bd3 Nc6 5.c3 Qc7 6.h3 g6 7.Ne2 Bf5 8.Bxf5 gxf5
9.Bf4 Qd7 10.Nd2 e6 11.Nf3 Bd6 12.O-O Nf6 13.Re1 Qc7 14.Ne5 Nd7 15.Ng3 Ndxe5
16.Bxe5 Nxe5 17.dxe5 Bxe5 18.Qa4+ Kf8 19.Nh5 Ke7 20.Rad1 f4 {Diagram #} 21.Rxd5
f6 22.Rd3 Rhg8 23.Qe4 Qc6 24.Qxh7+ Kf8 25.f3 Qb6+ 26.Kh1 Rd8 27.Nxf4 Rxd3
28.Nxd3 Bg3 29.Rd1 Rg7 30.Qh8+ Kf7 31.Ne5+

[Event "9th EUROPEAN  INDIVIDUAL  WOME"]
[Site "Plovdiv, Bulgaria"]
[Date "2008.04.22"]
[Round "2"]
[Board "1"]
[White "Kazimova, Narmin"]
[Black "Kovanova, Baira"]
[Result "1-0"]
[WhiteElo "2071"]
[BlackElo "2372"]
[PlyCount "65"]
[EventDate "2008.04.21"]
[EventRounds "11"]
[EventCountry "BUL"]

1.c4 e5 2.Nc3 Nf6 3.Nf3 Nc6 4.d4 e4 5.Ng5 Bb4 6.d5 Bxc3+ 7.bxc3 Na5 8.Qd4 O-O
9.Nxe4 Nxe4 10.Qxe4 b6 11.e3 Re8 12.Qf4 Ba6 13.Ba3 Qf6 14.Qxf6 gxf6 15.Bb4 Nxc4
16.Rd1 Re4 17.Bd3 Re5 18.O-O c5 19.dxc6 dxc6 20.Rfe1 Kg7 21.Bf1 c5 22.Ba3 Nxa3
23.Bxa6 Re7 24.Rd5 c4 25.Red1 Rb8 26.g3 b5 27.Rc5 Rb6 28.Bc8 a5 29.Kg2 Ra7
30.Rd4 Nb1 31.Bf5 Nxc3 32.Rc8 h5 33.Rh4

[Event "9th EUROPEAN  INDIVIDUAL  WOME"]
[Site "Plovdiv, Bulgaria"]
[Date "2008.04.22"]
[Round "2"]
[Board "1"]
[White "Khukhashvili, Sopiko"]
[Black "Bednikova, Stefi"]
[Result "1/2-1/2"]
[WhiteElo "2371"]
[BlackElo "2086"]
[PlyCount "65"]
[EventDate "2008.04.21"]
[EventRounds "11"]
[EventCountry "BUL"]

1.e4 c5 2.Nf3 d6 3.d4 cxd4 4.Nxd4 Nf6 5.Nc3 Nc6 6.g3 g6 7.Nde2 Bg7 8.Bg2 O-O
9.O-O Bd7 10.Re1 Rc8 11.a4 b6 12.h3 Na5 13.Nd4 Rxc3 14.bxc3 Qc8 15.g4 Qxc3
16.Ra3 Qc5 17.Nb3 Nxb3 18.cxb3 Be6 19.Qd2 a5 20.Bb2 Qb4 21.Qxb4 axb4 22.Raa1
Bxb3 23.a5 bxa5 24.Rxa5 Bc2 25.Ra7 Re8 26.Rb7 b3 27.e5 dxe5 28.Bxe5 e6 29.Bc6
Rd8 30.Ba4 Ne4 31.Bxg7 Kxg7 32.Bxb3 Nc5 33.Rxf7+

[Event "9th EUROPEAN  INDIVIDUAL  WOME"]
[Site "Plovdiv, Bulgaria"]
[Date "2008.04.22"]
[Round "2"]
[Board "1"]
[White "Mihajlova, Diana"]
[Black "Vasilevich, Tatjana"]
[Result "0-1"]
[WhiteElo "1623"]
[BlackElo "2360"]
[PlyCount "63"]
[EventDate "2008.04.21"]
[EventRounds "11"]
[EventCountry "BUL"]

1.e4 c5 2.d4 cxd4 3.Nf3 e6 4.c3 dxc3 5.Nxc3 a6 6.Bd3 Nc6 7.a3 d6 8.O-O Nge7
9.Be3 b5 10.b4 g6 11.Qd2 Bg7 12.Rad1 O-O 13.Bh6 Qb6 14.Bc2 Rd8 15.Bxg7 Kxg7
16.Nd4 Bb7 17.Qe3 Nxd4 18.Qxd4+ Qxd4 19.Rxd4 Rac8 20.Rd3 d5 21.Rfd1 Rc7 22.Bb3
Rdc8 23.Ne2 dxe4 24.Rd7 Bd5 25.Rxc7 Rxc7 26.Nd4 Rc3 27.Bxd5 exd5 28.Re1 Nf5
29.Ne2 Rxa3 30.Rc1 d4 31.Kf1 d3 32.Nc3

[Event "9th EUROPEAN  INDIVIDUAL  WOME"]
[Site "Plovdiv, Bulgaria"]
[Date "2008.04.22"]
[Round "2"]
[Board "1"]
[White "Socko, Monika"]
[Black "Komiagina, Maria"]
[Result "1/2-1/2"]
[WhiteElo "2505"]
[BlackElo "2285"]
[PlyCount "104"]
[EventDate "2008.04.21"]
[EventRounds "11"]
[EventCountry "BUL"]

1.d4 Nf6 2.c4 g6 3.Nc3 Bg7 4.e4 d6 5.Nf3 O-O 6.Be2 e5 7.Be3 Na6 8.O-O Ng4 9.Bg5
Qe8 10.dxe5 dxe5 11.h3 f6 12.Bd2 Nh6 13.Be3 c6 14.c5 Nf7 15.Bc4 Qe7 16.Na4 Kh8
17.a3 Nc7 18.b4 f5 19.Bxf7 Qxf7 20.Nc3 f4 21.Bc1 Ne6 22.Ne2 Qf6 23.Kh1 Ng5
24.Nxg5 Qxg5 25.Ng1 Be6 26.Bb2 Rad8 27.Qe2 Bb3 28.a4 Rd7 29.Bc3 Rfd8 30.Rfb1 Be6
31.Rd1 Bc4 32.Qe1 Qh5 33.Rxd7 Rxd7 34.f3 Bf6 35.Bb2 g5 36.Rd1 Qe8 37.Rxd7 Qxd7
38.Qc1 Qd3 39.Bc3 Bb3 40.a5 Kg7 41.Qb2 Qc2 42.Ne2 Qxb2 43.Bxb2 Kf7 44.Kg1 Ke6
45.Kf2 Bc4 46.Nc3 Bd8 47.Ke1 h5 48.Kf2 Bc7 49.Ke1 Kf6 50.Kf2 g4 51.fxg4 hxg4
52.hxg4 Kg5

[Event "9th EUROPEAN  INDIVIDUAL  WOME"]
[Site "Plovdiv, Bulgaria"]
[Date "2008.04.22"]
[Round "2"]
[Board "1"]
[White "Hoang, Thanh Trang"]
[Black "Schuurman, Petra"]
[Result "1/2-1/2"]
[WhiteElo "2477"]
[BlackElo "2295"]
[PlyCount "113"]
[EventDate "2008.04.21"]
[EventRounds "11"]
[EventCountry "BUL"]

1.d4 Nf6 2.Bg5 e6 3.e4 h6 4.Bxf6 Qxf6 5.c3 d6 6.Bd3 g6 7.Ne2 e5 8.O-O Bg7 9.f4
exd4 10.Nxd4 O-O 11.Nd2 Nc6 12.Nc2 Bd7 13.Ne3 Rae8 14.e5 Qd8 15.Ne4 Ne7 16.exd6
Nf5 17.dxc7 Qxc7 18.Nd5 Qc6 19.Bc2 Kh8 20.Kh1 Be6 21.Nb4 Qb6 22.Qc1 a5 23.Nd3
Bd5 24.Ne5 Ne3 25.Re1 Nxc2 26.Qxc2 Bxe5 27.fxe5 Rxe5 28.Ng3 Qe6 29.Qd2 Kh7
30.Rxe5 Qxe5 31.Re1 Qg5 32.Qxg5 hxg5 33.a3 Kg7 34.Kg1 Bc6 35.Ne2 Re8 36.Kf2 Re5
37.Rg1 Rf5+ 38.Kg3 Rb5 39.Rb1 Be4 40.Nd4 Rb6 41.Re1 f5 42.b3 Rd6 43.Kf2 g4 44.b4
axb4 45.axb4 Kf6 46.Ra1 Rd8 47.Ra2 Rh8 48.Kg1 Rc8 49.Ra3 Ke5 50.Ra5+ Kf6 51.Ne2
Rd8 52.Ra2 Rd1+ 53.Kf2 Ke5 54.Ra5+ Kf6 55.Ra2 Ke5 56.Ra5+ Kf6 57.Ra2

[Event "9th EUROPEAN  INDIVIDUAL  WOME"]
[Site "Plovdiv, Bulgaria"]
[Date "2008.04.22"]
[Round "2"]
[Board "1"]
[White "Skripchenko, Almira"]
[Black "Franciskovic, Borka"]
[Result "1-0"]
[WhiteElo "2443"]
[BlackElo "2240"]
[PlyCount "95"]
[EventDate "2008.04.21"]
[EventRounds "11"]
[EventCountry "BUL"]

1.e4 c6 2.Nc3 d5 3.Nf3 Bg4 4.h3 Bxf3 5.Qxf3 e6 6.d3 Nd7 7.Bd2 Ngf6 8.g4 h6
9.O-O-O d4 10.Ne2 Qb6 11.h4 O-O-O 12.Bh3 Bb4 13.Bf4 Qa5 14.Kb1 Ne5 15.Qg2 Ng6
16.Bh2 h5 17.g5 Ng4 18.Bxg4 hxg4 19.Bg3 Ne7 20.Bf4 f5 21.gxf6 gxf6 22.Qxg4 f5
23.Qf3 Ng6 24.h5 Ne5 25.Bxe5 Qxe5 26.Nf4 fxe4 27.Qxe4 Qxe4 28.dxe4 Rh6 29.Ng6
Rd7 30.Rh2 Rdh7 31.Rdh1 Ba5 32.Kc1 Bc7 33.e5 c5 34.Kd2 Rf7 35.Kd3 Kd7 36.Ke4 Rf5
37.f4 Bd8 38.c3 Bb6 39.cxd4 cxd4 40.b4 a6 41.a4 Ba7 42.Kd3 Rf7 43.Rg1 b5 44.a5
Kc6 45.Ke4 d3 46.Rd1 Rg7 47.Rxd3 Rgxg6 48.Rc2+

[Event "9th EUROPEAN  INDIVIDUAL  WOME"]
[Site "Plovdiv, Bulgaria"]
[Date "2008.04.22"]
[Round "2"]
[Board "1"]
[White "Schneider, Veronika"]
[Black "Rajlich, Iweta"]
[Result "1/2-1/2"]
[WhiteElo "2261"]
[BlackElo "2411"]
[PlyCount "42"]
[EventDate "2008.04.21"]
[EventRounds "11"]
[EventCountry "BUL"]

1.e4 d6 2.d4 g6 3.Nc3 Bg7 4.Be3 Nc6 5.h3 e5 6.Nf3 exd4 7.Nxd4 Nf6 8.Bb5 Bd7
9.O-O O-O 10.Bxc6 bxc6 11.Qf3 Re8 12.Rad1 c5 {Diagram #} 13.e5 Rxe5 14.Nc6 Bxc6
15.Qxc6 Rb8 16.Nb5 Qe8 17.Nxa7 Rxe3 18.fxe3 Qxe3+ 19.Kh1 Ne4 20.Qxc7 Rf8 21.Nc6
Bxb2 {.....}

[Event "9th EUROPEAN  INDIVIDUAL  WOME"]
[Site "Plovdiv, Bulgaria"]
[Date "2008.04.22"]
[Round "2"]
[Board "1"]
[White "Muzychuk, Mariya"]
[Black "Umudova, Nargiz"]
[Result "1-0"]
[WhiteElo "2387"]
[BlackElo "2222"]
[PlyCount "107"]
[EventDate "2008.04.21"]
[EventRounds "11"]
[EventCountry "BUL"]

1.e4 c5 2.Nf3 Nc6 3.Bb5 g6 4.O-O Bg7 5.Re1 Nf6 6.e5 Nd5 7.Nc3 Nc7 8.Bxc6 bxc6
9.d3 O-O 10.Ne4 Ne6 11.Be3 d6 12.Qc1 f6 13.exd6 exd6 14.c4 f5 15.Neg5 Nc7 16.Nh3
Ne6 17.Bh6 Rb8 18.Rb1 Qf6 19.Bxg7 Kxg7 20.Nf4 h6 21.h4 Nxf4 22.Qxf4 Bd7 23.b3
Rfe8 24.g3 a5 25.Qd2 Ra8 26.Red1 f4 27.Qxf4 Qxf4 28.gxf4 Rf8 29.Re1 Rxf4 30.Re7+
Rf7 31.Rbe1 Raf8 32.d4 Kg8 33.dxc5 dxc5 34.Rxf7 Rxf7 35.Ne5 Re7 36.f4 Bf5 37.Kf2
Re6 38.Rd1 Kf8 39.Nd7+ Ke8 40.Nxc5 Rf6 41.Nb7 a4 42.bxa4 Bc2 43.Rc1 Bxa4 44.Nc5
Rxf4+ 45.Kg3 Rd4 46.Nxa4 Rd3+ 47.Kf4 Rd4+ 48.Ke5 Rxh4 49.Kd6 Rh2 50.Nc3 g5 51.a4
Rd2+ 52.Kxc6 g4 53.a5 g3 54.a6

[Event "9th EUROPEAN  INDIVIDUAL  WOME"]
[Site "Plovdiv, Bulgaria"]
[Date "2008.04.22"]
[Round "2"]
[Board "1"]
[White "Skinke, Katrina"]
[Black "Repkova, Eva"]
[Result "0-1"]
[WhiteElo "2204"]
[BlackElo "2381"]
[PlyCount "154"]
[EventDate "2008.04.21"]
[EventRounds "11"]
[EventCountry "BUL"]

1.e4 d5 2.exd5 Qxd5 3.Nc3 Qa5 4.d4 c6 5.Nf3 Nf6 6.Bc4 Bf5 7.Bd2 e6 8.Ne4 Qc7
9.Nxf6+ gxf6 10.Qe2 Nd7 11.O-O-O O-O-O 12.Nh4 Bg6 13.Bb3 Kb8 14.g3 Bd6 15.Kb1
Rc8 16.Bc3 Rhd8 17.Rd2 f5 18.f3 Nf6 19.Re1 Nd5 20.Bxd5 cxd5 21.f4 Qb6 22.Rd3 Rc4
23.Qd2 Rdc8 24.Nf3 Bh5 25.Ne5 Bxe5 26.Rxe5 Qc7 27.Re1 b6 28.Rc1 a5 29.Re3 Bg4
30.Qd3 Bh3 31.Re2 b5 32.Bd2 Qb6 33.b3 R4c6 34.Kb2 b4 35.Qe3 Ka8 36.Rf2 a4 37.Qd3
R8c7 38.Kb1 Ra7 39.Be1 Bg4 40.Qe3 Rac7 41.Bd2 axb3 42.Qxb3 Qxd4 43.Be3 Qc4
44.Rd2 Qxb3+ 45.axb3 Bf3 46.Kb2 Be4 47.Bd4 Kb7 48.Be5 Rc8 49.Bf6 Kb6 50.Bg5 Kb5
51.Be7 Re8 52.Bf6 Ra8 53.Rb1 Rca6 54.Kc1 Rc8 55.Kb2 h5 56.Be7 Ra7 57.Bf6 Rac7
58.Rc1 Rc3 59.Rf2 R3c6 60.Rd2 R8c7 61.Be5 Ra7 62.Bf6 Rca6 63.Rb1 Ra2+ 64.Kc1 Rc7
65.Rb2 Ra8 66.Kb1 Rc3 67.Bd4 Ra3 68.Bf6 Re3 69.Ra2 Raxb3+ 70.Kc1 Re1+ 71.Rd1
Rxd1+ 72.Kxd1 Rb1+ 73.Kd2 Rh1 74.Ke3 Kc4 75.h4 Rg1 76.Rb2 Rg2 77.Be5 d4+

[Event "9th EUROPEAN  INDIVIDUAL  WOME"]
[Site "Plovdiv, Bulgaria"]
[Date "2008.04.22"]
[Round "2"]
[Board "1"]
[White "Hairapetian, Anna"]
[Black "Foisor, Sabina Francesca"]
[Result "0-1"]
[WhiteElo "2115"]
[BlackElo "2375"]
[PlyCount "136"]
[EventDate "2008.04.21"]
[EventRounds "11"]
[EventCountry "BUL"]

1.d4 d5 2.Nf3 Nf6 3.g3 Bg4 4.Bg2 e6 5.O-O Bd6 6.c4 c6 7.b3 Nbd7 8.Bb2 O-O 9.Nbd2
Qe7 10.Ne5 Bh5 11.Re1 Bc7 12.Qc2 Nxe5 13.dxe5 Ng4 14.Nf3 Bg6 15.Qc3 f6 16.exf6
Nxf6 17.Nh4 Bh5 18.Bf3 Bb6 19.Qc1 Ng4 20.e3 Qf7 21.c5 Bc7 22.Qc3 e5 23.e4 d4
24.Qd3 Nxh2 25.Bxh5 Qxh5 26.Kxh2 Rxf2+ 27.Kg1 Rxb2 28.Rf1 Qe2 29.Qxe2 Rxe2
30.Nf5 Bd8 31.Rf3 Bf6 32.Nd6 b5 33.a4 b4 34.a5 Rc2 35.Ra4 Rb8 36.Nc4 a6 37.Kf1
Rb5 38.Nd6 Rc1+ 39.Kg2 Rbxc5 40.Rxb4 Rb5 41.Ra4 Rb8 42.Rc4 Rxc4 43.Nxc4 Rb5
44.Kh3 Kf8 45.Kg4 Ke7 46.Kh5 Ke6 47.g4 Rb8 48.g5 Be7 49.g6 hxg6+ 50.Kxg6 Bf6
51.Rh3 Rd8 52.Nb2 c5 53.Na4 Kd6 54.Nb6 Kc6 55.Rd3 Rh8 56.Nd5 Rh4 57.Kf5 Kd6
58.Rg3 Rh1 59.Nb6 Rh5+ 60.Kg6 Rh4 61.Kf7 Rxe4 62.Nc4+ Kd7 63.Rh3 Rf4 64.Nb6+ Kc6
65.Ke6 Rh4 66.Rg3 e4 67.Rg1 e3 68.Rc1 d3